[Event "Students Op 2013"]
[Site "Ulyanovsk"]
[Date "2013.03.24"]
[Round "3.1"]
[White "Ulanov, Alexandr"]
[Black "Beldyugin, Alexey"]
[Result "1-0"]
[WhiteElo "2390"]
[BlackElo "2061"]
[PlyCount "109"]
[EventDate "2013.04.07"]
[EventType "swiss"]
[EventRounds "9"]
[EventCountry "RUS"]
[SourceDate "2005.09.12"]

1. d4 d6 2. Nf3 Nc6 3. d5 Nb8 4. e4 e5 5. dxe6 Bxe6 6. Ng5 Qd7 7. Nxe6 Qxe6 8.
Nc3 Nc6 9. Bb5 Nge7 10. O-O O-O-O 11. Re1 h6 12. Ba4 g5 13. Be3 Bg7 14. Rb1 f5
15. exf5 Qxf5 16. Bxa7 b6 17. Nd5 Qxd5 18. Qxd5 Nxd5 19. Bxc6 Nb4 20. Bf3 Rhe8
21. a3 Rxe1+ 22. Rxe1 Nxc2 23. Rc1 Nd4 24. Bxb6 Nxf3+ 25. gxf3 Rd7 26. Rc2 Kb7
27. Be3 d5 28. Bd2 d4 29. Rc4 Re7 30. Kf1 Rf7 31. Ke2 Re7+ 32. Kd3 Rf7 33. f4
gxf4 34. f3 Kb6 35. a4 c5 36. b4 Bf8 37. bxc5+ Bxc5 38. Bb4 Be7 39. Rxd4 Bg5
40. Ke4 Rc7 41. h3 Rc1 42. Bd2 Rh1 43. Bxf4 Rxh3 44. Rd6+ Kb7 45. Be5 Kc8 46.
a5 Bd8 47. a6 Rh4+ 48. f4 Rh2 49. Kd5 h5 50. f5 Rf2 51. Ke6 Bg5 52. Rc6+ Kd8
53. Rb6 Rc2 54. Rb8+ Rc8 55. a7 1-0

[Event "Students Op 2013"]
[Site "Ulyanovsk"]
[Date "2013.03.24"]
[Round "3.2"]
[White "Mirzaev, Aziz"]
[Black "Uryadov, Sergey S"]
[Result "1-0"]
[WhiteElo "2182"]
[BlackElo "1977"]
[PlyCount "99"]
[EventDate "2013.04.07"]
[EventType "swiss"]
[EventRounds "9"]
[EventCountry "RUS"]
[SourceDate "2005.09.12"]

1. d4 d5 2. Nf3 Nf6 3. c4 c6 4. e3 Bf5 5. Nc3 e6 6. Bd3 Bxd3 7. Qxd3 Nbd7 8.
O-O Bd6 9. Rb1 a5 10. e4 dxe4 11. Nxe4 Nxe4 12. Qxe4 Nf6 13. Qe2 h6 14. Rd1 O-O
15. Rd3 Qc7 16. b3 Rfe8 17. Bb2 b6 18. a4 Rad8 19. Rbd1 Nh5 20. g3 Nf6 21. Kg2
Nd7 22. Re3 Nf6 23. h3 Rf8 24. d5 exd5 25. Bxf6 gxf6 26. cxd5 cxd5 27. Nd4 Kh7
28. Qh5 Rg8 29. Qf5+ Rg6 30. Nb5 Qb8 31. h4 Kg7 32. Rxd5 Bc5 33. Rxd8 Qxd8 34.
Rf3 Qe7 35. Nc3 Qe5 36. Ne4 h5 37. Qxe5 fxe5 38. Rf5 Bd4 39. Rxh5 Rc6 40. Rg5+
Kh6 41. Rf5 Kg6 42. g4 b5 43. h5+ Kg7 44. axb5 Rb6 45. g5 Rxb5 46. Nd6 Rxb3 47.
Rxf7+ Kg8 48. g6 Rb6 49. Nf5 Bc5 50. Nh6+ 1-0

[Event "Students Op 2013"]
[Site "Ulyanovsk"]
[Date "2013.03.24"]
[Round "3.3"]
[White "Parfenov, Vladimir"]
[Black "Olisov, Andrey"]
[Result "1/2-1/2"]
[WhiteElo "2063"]
[BlackElo "2149"]
[PlyCount "136"]
[EventDate "2013.04.07"]
[EventType "swiss"]
[EventRounds "9"]
[EventCountry "RUS"]
[SourceDate "2005.09.12"]

1. d4 Nf6 2. c4 g6 3. Nc3 Bg7 4. e4 d6 5. f3 O-O 6. Be3 c5 7. dxc5 dxc5 8. Qxd8
Rxd8 9. Bxc5 Nc6 10. Rd1 Nd7 11. Be3 Nb4 12. Rd2 b6 13. Nge2 e6 14. a3 Nc6 15.
Nd4 Nce5 16. Be2 Ba6 17. b3 Rac8 18. Kf2 Nc5 19. Rb1 Ned3+ 20. Bxd3 Bxd4 21.
Ne2 Bf6 22. Bc2 Kf8 23. Rbd1 Ke8 24. Rxd8+ Bxd8 25. a4 Nd7 26. Nc3 Be7 27. f4
Bb4 28. Nb5 Bxb5 29. axb5 f6 30. Kf3 Ke7 31. g4 e5 32. Ra1 Rc7 33. f5 g5 34. h4
h6 35. hxg5 hxg5 36. Rh1 Nf8 37. Ke2 Rd7 38. Bd3 Rc7 39. Kd1 Ke8 40. Rh6 Ke7
41. Kc2 Rc8 42. Rh1 Rc7 43. Ra1 Nd7 44. Ra4 Bd6 45. b4 Ke8 46. Kb3 Ke7 47. Ra2
Ke8 48. Rh2 Nf8 49. Rh6 Ke7 50. Bf2 Rc8 51. Rh8 Rc7 52. Rg8 Kf7 53. Rh8 Ke8 54.
Be3 Ke7 55. Kc3 Ke8 56. Bc2 Rc8 57. Bb3 Rc7 58. Rg8 Rh7 59. c5 Bc7 60. Kc4 Kf7
61. Kd3+ Ke8 62. Bd5 Bd8 63. Kc4 Ke7 64. Bd2 Ke8 65. Be6 Rh2 66. Be3 Rh3 67.
Kd3 Rh7 68. cxb6 axb6 1/2-1/2

[Event "Students Op 2013"]
[Site "Ulyanovsk"]
[Date "2013.03.24"]
[Round "3.4"]
[White "Kovtun, Sergey"]
[Black "Saveliev, Dmitri"]
[Result "1-0"]
[WhiteElo "2025"]
[BlackElo "2106"]
[PlyCount "97"]
[EventDate "2013.04.07"]
[EventType "swiss"]
[EventRounds "9"]
[EventCountry "RUS"]
[SourceDate "2005.09.12"]

1. e4 c6 2. d4 d5 3. e5 c5 4. c3 cxd4 5. cxd4 Nc6 6. Nc3 h5 7. Bg5 f6 8. Qd3
Kf7 9. Nf3 g6 10. Nh4 f5 11. Qg3 Nh6 12. Nxg6 Rg8 13. Nxf8 Qxf8 14. Qh4 Nxd4
15. Bxh6 Nc2+ 16. Kd1 Qxh6 17. Kxc2 Rg4 18. Qh3 d4 19. Nb5 Be6 20. Be2 Rc8+ 21.
Kd1 f4 22. Ke1 Rg5 23. Qf3 Rxe5 24. Nxd4 Bd5 25. Qh3 Rg8 26. Nf3 Bxf3 27. Qxf3
Rg6 28. Kf1 b5 29. Qb3+ Kg7 30. h4 Rge6 31. Bxb5 Rb6 32. a4 a6 33. Qc3 Qf6 34.
Bc4 Rxb2 35. Qxb2 Re1+ 36. Rxe1 Qxb2 37. Rxe7+ Kf8 38. Re1 Qd4 39. Bxa6 Qxa4
40. Be2 Qa5 41. Rh3 Kg7 42. Rf3 Qc7 43. Rd1 Kg6 44. Rfd3 Qc2 45. Rd6+ Kg7 46.
Bxh5 f3 47. Bxf3 Qc4+ 48. Kg1 Qxh4 49. R1d4 1-0

[Event "Students Op 2013"]
[Site "Ulyanovsk"]
[Date "2013.03.24"]
[Round "3.5"]
[White "Kolosov, Anatoly"]
[Black "Samborskiy, Vadim"]
[Result "1-0"]
[WhiteElo "1915"]
[BlackElo "2080"]
[PlyCount "115"]
[EventDate "2013.04.07"]
[EventType "swiss"]
[EventRounds "9"]
[EventCountry "RUS"]
[SourceDate "2005.09.12"]

1. e4 e5 2. Nf3 Nf6 3. Nc3 Bb4 4. d3 d5 5. exd5 Nxd5 6. Bd2 Nxc3 7. bxc3 Bd6 8.
Ng5 O-O 9. Qh5 Bf5 10. Qf3 Qc8 11. Be2 c6 12. g4 Bg6 13. Ne4 Bxe4 14. Qxe4 Qe6
15. d4 Nd7 16. Bd3 Nf6 17. Qf5 exd4+ 18. Qxe6 fxe6 19. Bc4 dxc3 20. Bxc3 Nd5
21. Bxd5 exd5 22. O-O Rf3 23. Bd2 Raf8 24. Be3 a6 25. Kg2 Be5 26. Rab1 b5 27.
Bc5 R8f7 28. Rfe1 Rc3 29. Bb4 Rxc2 30. Rxe5 Rfxf2+ 31. Kg3 Rg2+ 32. Kh4 Rxh2+
33. Kg5 Rce2 34. Re1 Rxe1 35. Rxe1 c5 36. Ba5 Rxa2 37. Bd8 Rf2 38. Be7 c4 39.
Bc5 h6+ 40. Kh5 Kh7 41. Bxf2 g6+ 42. Kh4 c3 43. Re7+ Kg8 44. Bd4 b4 45. Rg7+
Kf8 46. Rxg6 a5 47. Ra6 c2 48. Bb2 Ke7 49. Rxa5 Kd6 50. Rb5 d4 51. Rxb4 Kc5 52.
Rxd4 c1=Q 53. Bxc1 Kxd4 54. Bxh6 Ke5 55. Bg7+ Ke6 56. Kh5 Kf7 57. Kh6 Kg8 58.
Bc3 1-0

[Event "Students Op 2013"]
[Site "Ulyanovsk"]
[Date "2013.03.24"]
[Round "3.7"]
[White "Bulygin, Vitalij"]
[Black "Mironov, Vitalij"]
[Result "0-1"]
[WhiteElo "1665"]
[BlackElo "1909"]
[PlyCount "68"]
[EventDate "2013.04.07"]
[EventType "swiss"]
[EventRounds "9"]
[EventCountry "RUS"]
[SourceDate "2005.09.12"]

1. d4 d5 2. c4 e6 3. Nf3 Nf6 4. Bg5 Be7 5. e3 c6 6. Nc3 Nbd7 7. Be2 O-O 8. O-O
dxc4 9. Bxc4 Nd5 10. Bxe7 Qxe7 11. e4 Nxc3 12. bxc3 e5 13. Re1 exd4 14. cxd4
Nb6 15. Bb3 Bg4 16. Qd3 Rad8 17. Ne5 Qxe5 18. d5 cxd5 19. exd5 Qd6 20. Re4 Bf5
21. Bc2 Bxe4 22. Qxe4 g6 23. Rd1 Rfe8 24. Qh4 Re5 25. f4 Rxd5 26. Rc1 Qc5+ 27.
Kf1 Qb5+ 28. Kg1 Rd2 29. f5 Qb2 30. Re1 Qxc2 31. fxg6 hxg6 32. Re2 Rd1+ 33. Kf2
Qf5+ 34. Kg3 R8d3+ 0-1

[Event "Students Op 2013"]
[Site "Ulyanovsk"]
[Date "2013.03.24"]
[Round "3.8"]
[White "Tsai, Roman"]
[Black "Golubchikov, Alexey"]
[Result "1/2-1/2"]
[WhiteElo "1816"]
[BlackElo "1763"]
[PlyCount "69"]
[EventDate "2013.04.07"]
[EventType "swiss"]
[EventRounds "9"]
[EventCountry "RUS"]
[SourceDate "2005.09.12"]

1. e4 c6 2. d4 d5 3. e5 Bf5 4. Bd3 Bxd3 5. Qxd3 e6 6. Nf3 Qb6 7. O-O c5 8. c3
cxd4 9. cxd4 Nc6 10. Nc3 Rc8 11. a3 Nge7 12. Na4 Qc7 13. Bd2 Ng6 14. Nc3 Qb6
15. Ne2 Be7 16. b4 O-O 17. Nf4 Nxf4 18. Bxf4 a6 19. Be3 Nb8 20. Rac1 Nd7 21.
Bg5 Bxg5 22. Nxg5 g6 23. Nf3 Qb5 24. Qxb5 axb5 25. Nd2 Nb6 26. h3 Nc4 27. Nxc4
Rxc4 28. Rxc4 bxc4 29. Rc1 b5 30. f4 Ra8 31. Rc3 Ra4 32. Kf2 Ra8 33. Kg1 Ra4
34. Kf2 Ra8 35. Kg1 1/2-1/2

[Event "Students Op 2013"]
[Site "Ulyanovsk"]
[Date "2013.03.24"]
[Round "3.9"]
[White "Usachev, Andrey"]
[Black "Logunova, Elizaveta"]
[Result "1/2-1/2"]
[WhiteElo "1893"]
[BlackElo "1599"]
[PlyCount "50"]
[EventDate "2013.04.07"]
[EventType "swiss"]
[EventRounds "9"]
[EventCountry "RUS"]
[SourceDate "2005.09.12"]

1. e4 e5 2. Nf3 Nc6 3. Bc4 Bc5 4. b4 Bxb4 5. c3 Be7 6. O-O Nf6 7. Re1 O-O 8. d4
d6 9. Bg5 Nd7 10. Bxe7 Qxe7 11. Nbd2 Nb6 12. Bd3 exd4 13. Nxd4 Nxd4 14. cxd4
Bd7 15. Rc1 c6 16. Nc4 Nxc4 17. Bxc4 Be6 18. Bxe6 fxe6 19. f3 Qc7 20. Qb3 d5
21. e5 Qb6 22. Qe3 Qa6 23. Qb3 Qb6 24. Qe3 Qa6 25. Qb3 Qb6 1/2-1/2

[Event "Students Op 2013"]
[Site "Ulyanovsk"]
[Date "2013.03.24"]
[Round "3.10"]
[White "Sounov, Batyr"]
[Black "Kalashnikov, Nikolaj"]
[Result "1-0"]
[WhiteElo "1877"]
[BlackElo "1541"]
[PlyCount "69"]
[EventDate "2013.04.07"]
[EventType "swiss"]
[EventRounds "9"]
[EventCountry "RUS"]
[SourceDate "2005.09.12"]

1. e4 e5 2. Nf3 d6 3. Bc4 Be7 4. h3 Nc6 5. O-O Nf6 6. Re1 Bd7 7. c3 h6 8. d4
exd4 9. cxd4 Qc8 10. Nc3 g5 11. e5 Ng8 12. exd6 cxd6 13. Qb3 Nd8 14. Nd5 Be6
15. Nxe7 Nxe7 16. d5 Bf5 17. Qc3 Rg8 18. Qf6 Be6 19. dxe6 Qxc4 20. exf7+ Qxf7
21. Qxd6 Rg6 22. Qb4 Rb6 23. Qa4+ Kf8 24. Be3 Rxb2 25. Bc5 Ndc6 26. Qa3 Rc2 27.
Ne5 Nxe5 28. Rxe5 Re8 29. Rae1 Rxa2 30. Bxe7+ Kg8 31. Qe3 Rc8 32. Bc5 b6 33.
Re7 Qf5 34. Qb3+ Kh8 35. Bd4+ 1-0

[Event "Students Op 2013"]
[Site "Ulyanovsk"]
[Date "2013.03.24"]
[Round "3.11"]
[White "Lukianov, Alexander"]
[Black "Breskanu, Nikita"]
[Result "1/2-1/2"]
[WhiteElo "1837"]
[BlackElo "1489"]
[PlyCount "112"]
[EventDate "2013.04.07"]
[EventType "swiss"]
[EventRounds "9"]
[EventCountry "RUS"]
[SourceDate "2005.09.12"]

1. e4 c6 2. d4 d5 3. Nc3 dxe4 4. Nxe4 Bf5 5. Ng3 Bg6 6. Nf3 Nd7 7. h4 h6 8. h5
Bh7 9. Bd3 Bxd3 10. Qxd3 e6 11. Bf4 Qa5+ 12. Bd2 Qc7 13. Qe2 Ngf6 14. O-O-O Bd6
15. Ne4 Nxe4 16. Qxe4 Nf6 17. Qe2 O-O-O 18. c4 Rhe8 19. Kb1 e5 20. dxe5 Bxe5
21. Nxe5 Qxe5 22. Qxe5 Rxe5 23. Be3 Rxh5 24. Rxh5 Rxd1+ 25. Kc2 Nxh5 26. Kxd1
a6 27. Ke2 Kd7 28. Kf3 f5 29. g4 fxg4+ 30. Kxg4 Nf6+ 31. Kf5 Ke7 32. Kg6 Kf8
33. Bd4 Ne8 34. c5 Kg8 35. Be5 Kf8 36. f4 Kg8 37. b4 Kf8 38. a3 Kg8 39. Bd6 b5
40. f5 Nf6 41. Be5 Ne8 42. Bf4 Kf8 43. Bd6+ Kg8 44. Be7 Nc7 45. f6 gxf6 46.
Bxf6 Nd5 47. Be5 Ne3 48. Bf4 Nc4 49. Bxh6 Nxa3 50. Kf6 Nc4 51. Ke6 a5 52. bxa5
Nxa5 53. Bd2 Nb3 54. Bb4 Nd4+ 55. Kd6 Kf7 56. Bc3 Ne6 1/2-1/2

[Event "Students Op 2013"]
[Site "Ulyanovsk"]
[Date "2013.03.24"]
[Round "3.12"]
[White "Pegov, Valery"]
[Black "Gabunov, Fail"]
[Result "1-0"]
[WhiteElo "1641"]
[BlackElo "1818"]
[PlyCount "41"]
[EventDate "2013.04.07"]
[EventType "swiss"]
[EventRounds "9"]
[EventCountry "RUS"]
[SourceDate "2005.09.12"]

1. e4 e5 2. Nf3 Nc6 3. Bc4 Bc5 4. c3 Nf6 5. d4 exd4 6. cxd4 Bb4+ 7. Nc3 Nxe4 8.
O-O Bxc3 9. d5 Bf6 10. Re1 Ne7 11. Rxe4 d6 12. Ng5 h6 13. Bb5+ Bd7 14. Bxd7+
Qxd7 15. h4 O-O 16. Qd3 Qf5 17. g4 Qxd5 18. Rd4 hxg5 19. Rxd5 Nxd5 20. hxg5 Be5
21. Qxd5 1-0

[Event "Students Op 2013"]
[Site "Ulyanovsk"]
[Date "2013.03.30"]
[Round "4.1"]
[White "Kovtun, Sergey"]
[Black "Ulanov, Alexandr"]
[Result "0-1"]
[WhiteElo "2025"]
[BlackElo "2390"]
[PlyCount "106"]
[EventDate "2013.04.07"]
[EventType "swiss"]
[EventRounds "9"]
[EventCountry "RUS"]
[SourceDate "2005.09.12"]

1. e4 g6 2. d4 Bg7 3. Nf3 d6 4. Bc4 c6 5. Bb3 Nf6 6. e5 dxe5 7. Nxe5 O-O 8. O-O
Bf5 9. c3 Nbd7 10. Nxd7 Qxd7 11. Nd2 Qc7 12. Nf3 c5 13. Be3 Rad8 14. Qe2 Ng4
15. Rfe1 a6 16. Rad1 cxd4 17. Bxd4 Bxd4 18. cxd4 Rd7 19. Ne5 Nxe5 20. Qxe5 Rfd8
21. Qxc7 Rxc7 22. Rd2 Rd6 23. f3 h5 24. Kf2 Kf8 25. Ke3 Rb6 26. Rg1 Be6 27. d5
Bd7 28. g4 hxg4 29. fxg4 a5 30. Rf1 Bxg4 31. Rdf2 Bf5 32. h4 Rb4 33. Rf4 Rxf4
34. Rxf4 Kg7 35. Rc4 Rxc4 36. Bxc4 Kf6 37. Kf4 e5+ 38. Kf3 Bd7 39. Ke4 Bf5+ 40.
Kf3 b6 41. a3 Ke7 42. b4 axb4 43. axb4 Kd6 44. Bb3 Bc8 45. Bd1 Bb7 46. Kg4 Bxd5
47. h5 gxh5+ 48. Kg5 f6+ 49. Kxh5 f5 50. Kg5 f4 51. Kg4 Be6+ 52. Kf3 Bf7 53.
Ke4 Bg6+ 0-1

[Event "Students Op 2013"]
[Site "Ulyanovsk"]
[Date "2013.03.30"]
[Round "4.2"]
[White "Kolosov, Anatoly"]
[Black "Mirzaev, Aziz"]
[Result "0-1"]
[WhiteElo "1915"]
[BlackElo "2182"]
[PlyCount "146"]
[EventDate "2013.04.07"]
[EventType "swiss"]
[EventRounds "9"]
[EventCountry "RUS"]
[SourceDate "2005.09.12"]

1. e4 c5 2. Nf3 Nc6 3. d4 cxd4 4. Nxd4 Nf6 5. Nc3 e5 6. Nb3 Bb4 7. Bd3 d5 8.
exd5 Nxd5 9. Bd2 Nxc3 10. bxc3 Be7 11. Qh5 Be6 12. Rd1 Qd5 13. O-O O-O-O 14.
Qe2 Rd7 15. f4 f5 16. fxe5 Qxe5 17. Rde1 Qxe2 18. Rxe2 Bxb3 19. axb3 Bc5+ 20.
Kh1 g6 21. b4 Bd6 22. Rfe1 a6 23. g3 Kc7 24. Re6 Re7 25. Rxe7+ Bxe7 26. Kg2 Bd6
27. Be3 Rd8 28. Bg5 Rd7 29. b5 axb5 30. Bxb5 Rf7 31. Bc4 Rf8 32. Bh6 Ra8 33.
Bg7 Ra5 34. Bg8 f4 35. Bxh7 Rg5 36. Bf6 f3+ 37. Kf2 Rh5 38. Bg8 Bc5+ 39. Bd4
Rxh2+ 40. Kxf3 Bxd4 41. cxd4 Nxd4+ 42. Kg4 Rxc2 43. Re7+ Kc8 44. Bd5 b5 45. Be4
Rc4 46. Kg5 b4 47. Kxg6 b3 48. Re8+ Kc7 49. Re7+ Kd6 50. Rb7 Ke5 51. Bf5 Nxf5
52. Rxb3 Nd6 53. Re3+ Ne4 54. Kh5 Rc8 55. Kg4 Rf8 56. Kh3 Rf2 57. Re1 Kf5 58.
Rh1 Rf3 59. Rg1 Rf2 60. Rh1 Ng5+ 61. Kh4 Nf3+ 62. Kh3 Re2 63. g4+ Kf4 64. g5
Nxg5+ 65. Kh4 Nf3+ 66. Kh5 Kf5 67. Rh3 Rf2 68. Kh6 Ne5 69. Kh7 Kf6 70. Rh6+ Kf7
71. Kh8 Rg2 72. Rh7+ Kf8 73. Rh1 Nf7+ 0-1

[Event "Students Op 2013"]
[Site "Ulyanovsk"]
[Date "2013.03.30"]
[Round "4.3"]
[White "Olisov, Andrey"]
[Black "Arslanov, Ildar"]
[Result "1/2-1/2"]
[WhiteElo "2149"]
[BlackElo "2138"]
[PlyCount "86"]
[EventDate "2013.04.07"]
[EventType "swiss"]
[EventRounds "9"]
[EventCountry "RUS"]
[SourceDate "2005.09.12"]

1. e4 c5 2. c3 Nf6 3. e5 Nd5 4. d4 cxd4 5. cxd4 e6 6. Nc3 Nxc3 7. bxc3 Qc7 8.
Bd2 Nc6 9. Bd3 Na5 10. Qe2 d5 11. exd6 Bxd6 12. Nf3 Be7 13. O-O O-O 14. c4 Rd8
15. Rfd1 Bf6 16. Qe4 g6 17. Bf4 Qe7 18. Rac1 Nc6 19. d5 exd5 20. cxd5 Bf5 21.
Qxe7 Nxe7 22. Bxf5 gxf5 23. d6 Ng6 24. Be3 f4 25. Bc5 Rac8 26. Ba3 b5 27. Kf1
a5 28. Rxc8 Rxc8 29. d7 Rd8 30. Bc5 Nf8 31. Bb6 Rxd7 32. Rxd7 Nxd7 33. Bxa5 Nc5
34. Ke2 Kg7 35. Nd2 Kg6 36. Bb4 Na6 37. Bd6 Kf5 38. f3 Be5 39. Ne4 f6 40. Kd1
Ke6 41. Ba3 Nc7 42. Bc1 Kd5 43. Kc2 Ne6 1/2-1/2

[Event "Students Op 2013"]
[Site "Ulyanovsk"]
[Date "2013.03.30"]
[Round "4.4"]
[White "Mironov, Vitalij"]
[Black "Parfenov, Vladimir"]
[Result "1-0"]
[WhiteElo "1909"]
[BlackElo "2063"]
[PlyCount "63"]
[EventDate "2013.04.07"]
[EventType "swiss"]
[EventRounds "9"]
[EventCountry "RUS"]
[SourceDate "2005.09.12"]

1. d4 Nf6 2. c4 e6 3. Nf3 d5 4. Nc3 Bb4 5. e3 O-O 6. Bd3 c5 7. a3 cxd4 8. exd4
Bxc3+ 9. bxc3 dxc4 10. Bxc4 Qc7 11. Qb3 Nc6 12. Be2 Na5 13. Qc2 Nd5 14. Bd2 Nc4
15. Bxc4 Qxc4 16. Ne5 Qc7 17. O-O b5 18. Rfb1 Rb8 19. Nd3 a6 20. Nc5 Re8 21. a4
e5 22. axb5 axb5 23. Re1 Qc6 24. h3 g6 25. Ra7 Nb6 26. Qe4 Qd6 27. Qh4 Bf5 28.
Rxf7 h5 29. Rf6 Qd5 30. Na6 Rb7 31. Qg5 Nc4 32. Rxf5 1-0

[Event "Students Op 2013"]
[Site "Ulyanovsk"]
[Date "2013.03.30"]
[Round "4.5"]
[White "Saveliev, Dmitri"]
[Black "Bataev, Victor"]
[Result "1-0"]
[WhiteElo "2106"]
[BlackElo "1764"]
[PlyCount "63"]
[EventDate "2013.04.07"]
[EventType "swiss"]
[EventRounds "9"]
[EventCountry "RUS"]
[SourceDate "2005.09.12"]

1. d4 Nf6 2. c4 g6 3. Nc3 Bg7 4. e4 d6 5. Bd3 O-O 6. Nge2 Nbd7 7. f4 e5 8. fxe5
dxe5 9. d5 Nc5 10. O-O Nxd3 11. Qxd3 Nh5 12. Be3 f5 13. Bc5 Rf7 14. Rad1 b6 15.
Ba3 fxe4 16. Nxe4 Bf5 17. d6 c6 18. g4 Bxg4 19. Rxf7 Kxf7 20. d7 Kg8 21. Be7
Bxe2 22. Qd6 Bxd1 23. Qe6+ Kh8 24. Bxd8 h6 25. Qe8+ Kh7 26. Be7 Rxe8 27. dxe8=Q
Bc2 28. Qxc6 Nf4 29. Nf6+ Bxf6 30. Qxf6 Nh5 31. Qf7+ Kh8 32. Bd6 1-0

[Event "Students Op 2013"]
[Site "Ulyanovsk"]
[Date "2013.03.30"]
[Round "4.6"]
[White "Samborskiy, Vadim"]
[Black "Golubchikov, Alexey"]
[Result "1-0"]
[WhiteElo "2080"]
[BlackElo "1763"]
[PlyCount "51"]
[EventDate "2013.04.07"]
[EventType "swiss"]
[EventRounds "9"]
[EventCountry "RUS"]
[SourceDate "2005.09.12"]

1. e4 c6 2. d4 d5 3. e5 c5 4. c3 Nc6 5. h3 Bf5 6. g4 Bd7 7. Nf3 e6 8. Be2 cxd4
9. cxd4 Rc8 10. a3 Qb6 11. b4 a6 12. Bb2 Nge7 13. Nc3 Ng6 14. Rc1 Nf4 15. Na4
Qa7 16. Bf1 b5 17. Nc5 Bxc5 18. Rxc5 O-O 19. Qd2 Ng6 20. Bd3 Nce7 21. h4 Rxc5
22. bxc5 Rb8 23. h5 Nf8 24. Qg5 Bc6 25. h6 g6 26. Qf6 1-0

[Event "Students Op 2013"]
[Site "Ulyanovsk"]
[Date "2013.03.30"]
[Round "4.7"]
[White "Beldyugin, Alexey"]
[Black "Pegov, Valery"]
[Result "1-0"]
[WhiteElo "2061"]
[BlackElo "1641"]
[PlyCount "51"]
[EventDate "2013.04.07"]
[EventType "swiss"]
[EventRounds "9"]
[EventCountry "RUS"]
[SourceDate "2005.09.12"]

1. Nf3 d6 2. d4 g6 3. c4 Bg7 4. g3 Nf6 5. Bg2 O-O 6. b3 Re8 7. Bb2 c5 8. O-O
cxd4 9. Nxd4 Nfd7 10. Nc3 Ne5 11. Qd2 Nbc6 12. Nxc6 Nxc6 13. Rfd1 Rb8 14. Rac1
Be6 15. Nd5 Ne5 16. h3 a6 17. Kh2 b5 18. f4 Bxd5 19. Bxd5 Nd7 20. Bxg7 Kxg7 21.
Qd4+ f6 22. Bc6 bxc4 23. Qxc4 Qb6 24. Bxd7 Qf2+ 25. Kh1 Qf3+ 26. exf3 1-0

[Event "Students Op 2013"]
[Site "Ulyanovsk"]
[Date "2013.03.30"]
[Round "4.9"]
[White "Sokolov, Anton V"]
[Black "Sounov, Batyr"]
[Result "0-1"]
[WhiteElo "1699"]
[BlackElo "1877"]
[PlyCount "110"]
[EventDate "2013.04.07"]
[EventType "swiss"]
[EventRounds "9"]
[EventCountry "RUS"]
[SourceDate "2005.09.12"]

1. e4 c5 2. Nf3 Nc6 3. Bc4 e6 4. a3 a6 5. Nc3 b5 6. Ba2 Bb7 7. d3 Be7 8. O-O
Nf6 9. Bg5 h6 10. Bh4 d6 11. Re1 Nd7 12. Bg3 Qb6 13. Rb1 a5 14. a4 bxa4 15.
Nxa4 Qc7 16. Nc3 Nb4 17. Bc4 Bc6 18. Bb5 O-O 19. Nd2 Bxb5 20. Nxb5 Qc6 21. c4
Nxd3 22. Re3 N3e5 23. b3 Ng6 24. Nf3 e5 25. Rd3 Qxe4 26. Nxd6 Bxd6 27. Rxd6 Nf6
28. Nd2 Qf5 29. f3 Rad8 30. Ne4 Nxe4 31. Rxd8 Nc3 32. Rxf8+ Nxf8 33. Qe1 Qxb1
34. Qxb1 Nxb1 35. Bxe5 Nd2 36. Kf2 Nxb3 37. Ke3 Ne6 38. Kd3 f6 39. Bb2 Kf7 40.
g3 a4 41. f4 g5 42. fxg5 hxg5 43. Ke4 Kg6 44. Kd5 Ned4 45. g4 Nc2 46. Ke6 a3
47. Bc3 a2 48. Kd5 f5 49. gxf5+ Kxf5 50. h3 Ne3+ 51. Kd6 Nxc4+ 52. Kd5 Nd6 53.
Kxd6 Ke4 54. Kc6 Kd3 55. Bf6 Nd4+ 0-1

[Event "Students Op 2013"]
[Site "Ulyanovsk"]
[Date "2013.03.30"]
[Round "4.10"]
[White "Sinicin, Vladimir"]
[Black "Tsai, Roman"]
[Result "0-1"]
[WhiteElo "1655"]
[BlackElo "1816"]
[PlyCount "72"]
[EventDate "2013.04.07"]
[EventType "swiss"]
[EventRounds "9"]
[EventCountry "RUS"]
[SourceDate "2005.09.12"]

1. e4 c5 2. Nf3 Nc6 3. d4 cxd4 4. Nxd4 Nf6 5. Nc3 a6 6. Bc4 e5 7. Nf3 Bb4 8.
O-O Bxc3 9. bxc3 Qa5 10. Qd3 O-O 11. Bg5 Ne8 12. Bd5 Nc7 13. Bxc6 dxc6 14. Be7
Re8 15. Bb4 Qb6 16. Qd6 Nb5 17. Qd2 Bg4 18. a4 Bxf3 19. gxf3 c5 20. Kh1 cxb4
21. axb5 bxc3 22. Qxc3 Qxb5 23. Rg1 Qe2 24. Qe3 Qxe3 25. fxe3 Rec8 26. Rg2 Rc3
27. Re2 Kf8 28. Kg2 b5 29. Kf2 a5 30. Ra2 a4 31. Rd2 Rac8 32. Ke2 a3 33. Kd1 b4
34. Rd3 Rxd3+ 35. cxd3 b3 36. Rxa3 b2 0-1

[Event "Students Op 2013"]
[Site "Ulyanovsk"]
[Date "2013.03.31"]
[Round "5.1"]
[White "Ulanov, Alexandr"]
[Black "Mirzaev, Aziz"]
[Result "1/2-1/2"]
[WhiteElo "2390"]
[BlackElo "2182"]
[PlyCount "136"]
[EventDate "2013.04.07"]
[EventType "swiss"]
[EventRounds "9"]
[EventCountry "RUS"]
[SourceDate "2005.09.12"]

1. e4 c5 2. Ne2 Nc6 3. Nbc3 Nf6 4. g3 d5 5. exd5 Nxd5 6. Bg2 Nc7 7. O-O e5 8.
d3 Be7 9. f4 exf4 10. Nxf4 O-O 11. Ncd5 Bd6 12. Nxc7 Bxc7 13. Nd5 Be5 14. c3
Be6 15. Qf3 Qd6 16. Be3 Rad8 17. Nf4 Bxf4 18. Qxf4 Qxf4 19. Rxf4 Rxd3 20. Bxc5
Rfd8 21. Bxc6 bxc6 22. Bxa7 Rd1+ 23. Rxd1 Rxd1+ 24. Kf2 Bxa2 25. Rb4 h5 26. Ke3
Be6 27. Rb6 Ra1 28. Bb8 c5 29. b4 Ra3 30. Be5 cxb4 31. Rb8+ Kh7 32. Rxb4 f6 33.
Bd4 Ra2 34. h4 Rg2 35. Kf4 g5+ 36. hxg5 fxg5+ 37. Ke5 Bg4 38. Rb7+ Kg6 39. Rb6+
Kf7 40. Rf6+ Ke7 41. Bf2 h4 42. gxh4 gxh4 43. Bxh4 Kd7 44. Kd5 Be6+ 45. Kc5 Rg4
46. Be1 Rc4+ 47. Kb5 Re4 48. Bf2 Ke7 49. Rh6 Bd7+ 50. Kc5 Re5+ 51. Kd4 Re6 52.
Rh7+ Kd6 53. c4 Rg6 54. Kc3 Kc6 55. Rh5 Be6 56. Rc5+ Kd6 57. Ra5 Rg4 58. Ra6+
Kd7 59. Bd4 Rg3+ 60. Kb4 Rg4 61. Ra7+ Kc8 62. Kc5 Rg6 63. Be5 Bd7 64. Bd6 Bh3
65. Ra8+ Kd7 66. Ra7+ Kc8 67. Ra8+ Kd7 68. Ra7+ Kc8 1/2-1/2

[Event "Students Op 2013"]
[Site "Ulyanovsk"]
[Date "2013.03.31"]
[Round "5.2"]
[White "Olisov, Andrey"]
[Black "Mironov, Vitalij"]
[Result "1/2-1/2"]
[WhiteElo "2149"]
[BlackElo "1909"]
[PlyCount "57"]
[EventDate "2013.04.07"]
[EventType "swiss"]
[EventRounds "9"]
[EventCountry "RUS"]
[SourceDate "2005.09.12"]

1. e4 d6 2. d4 g6 3. Nc3 Bg7 4. Be2 Nf6 5. Nf3 O-O 6. O-O Nc6 7. h3 e5 8. Be3
Bd7 9. a4 Qe7 10. dxe5 Nxe5 11. Nd4 a6 12. Re1 Nc6 13. Nd5 Nxd5 14. exd5 Nxd4
15. Bxd4 Qh4 16. Bxg7 Kxg7 17. a5 Rae8 18. Qd2 Qd8 19. c4 Qc8 20. b4 Re4 21.
Qc3+ f6 22. Bd3 Rxe1+ 23. Rxe1 Re8 24. Rc1 Re5 25. Kh2 Qe8 26. Qd2 h5 27. f4
Re3 28. Kg1 g5 29. fxg5 1/2-1/2

[Event "Students Op 2013"]
[Site "Ulyanovsk"]
[Date "2013.03.31"]
[Round "5.3"]
[White "Arslanov, Ildar"]
[Black "Kovtun, Sergey"]
[Result "0-1"]
[WhiteElo "2138"]
[BlackElo "2025"]
[PlyCount "73"]
[EventDate "2013.04.07"]
[EventType "swiss"]
[EventRounds "9"]
[EventCountry "RUS"]
[SourceDate "2005.09.12"]

1. c4 Nf6 2. Nc3 e5 3. Nf3 Nc6 4. g3 Bc5 5. d3 O-O 6. Bg2 Re8 7. O-O d6 8. Bg5
h6 9. Bxf6 gxf6 10. Qd2 Kg7 11. Nd5 a5 12. Nh4 Ne7 13. Ne3 f5 14. Kh1 f4 15.
Nc2 Ng6 16. Nxg6 fxg6 17. gxf4 exf4 18. d4 Bb6 19. a3 Qf6 20. b4 axb4 21. axb4
Rxa1 22. Rxa1 c6 23. c5 Bc7 24. Ra7 dxc5 25. bxc5 f3 26. exf3 Qh4 27. h3 Bxh3
28. Ne3 Bc8+ 29. Kg1 Bb8 30. Ra8 Bf4 31. Kf1 Qg5 32. Ra3 h5 33. Qc3 h4 34. Ng4
Bd2 35. Qa1 Re1+ 36. Qxe1 Bxe1 37. Kxe1 0-1